| 000 | 00789nam a2200241 a 4500 | ||
|---|---|---|---|
| 005 | 20200104041539.0 | ||
| 008 | 140310b2002 cl ||||gr|||| 00| 0 spa d | ||
| 040 |
_aCO-BoIAVH _cCO-BoIAVH |
||
| 041 | _aspa | ||
| 044 | _acl | ||
| 082 | 0 | 4 |
_a333.9522 _bC76c |
| 110 | 2 | _bConvención sobre el Comercio Internacional de Especies Amenazadas de Fauna y Flora Silvestres | |
| 245 | 1 | _aPropuestas de enmienda a los apéndices I y II | |
| 260 |
_aSantiago de Chile _bCITES _bUNEP _c2002 |
||
| 300 |
_a160 paginas. _c27 x 21 |
||
| 650 | _aComercio de especies | ||
| 650 | 4 | _aEspecies amenazadas | |
| 650 | 4 | _aComercio ilegal de especies | |
| 650 | 4 | _aCITES | |
| 650 | 4 | _aConvenios internacionales | |
| 650 | 4 | _aConservación | |
| 942 |
_cLIBRO _2ddc |
||
| 999 |
_c3222 _d3222 |
||